|
|
|
|
| LEADER |
03053nam a22005175i 4500 |
| 001 |
978-3-642-14779-1 |
| 003 |
DE-He213 |
| 005 |
20151031091008.0 |
| 007 |
cr nn 008mamaa |
| 008 |
110208s2011 gw | s |||| 0|eng d |
| 020 |
|
|
|a 9783642147791
|9 978-3-642-14779-1
|
| 024 |
7 |
|
|a 10.1007/978-3-642-14779-1
|2 doi
|
| 040 |
|
|
|d GrThAP
|
| 050 |
|
4 |
|a QH541.5.S3
|
| 050 |
|
4 |
|a QH541.5.F7
|
| 072 |
|
7 |
|a RBKF
|2 bicssc
|
| 072 |
|
7 |
|a SCI039000
|2 bisacsh
|
| 072 |
|
7 |
|a NAT029000
|2 bisacsh
|
| 082 |
0 |
4 |
|a 551.4
|2 23
|
| 245 |
1 |
0 |
|a Macro-engineering Seawater in Unique Environments
|h [electronic resource] :
|b Arid Lowlands and Water Bodies Rehabilitation /
|c edited by Viorel Badescu, Richard B. Cathcart.
|
| 264 |
|
1 |
|a Berlin, Heidelberg :
|b Springer Berlin Heidelberg :
|b Imprint: Springer,
|c 2011.
|
| 300 |
|
|
|a XXXIX, 790 p.
|b online resource.
|
| 336 |
|
|
|a text
|b txt
|2 rdacontent
|
| 337 |
|
|
|a computer
|b c
|2 rdamedia
|
| 338 |
|
|
|a online resource
|b cr
|2 rdacarrier
|
| 347 |
|
|
|a text file
|b PDF
|2 rda
|
| 490 |
1 |
|
|a Environmental Science and Engineering, Environmental Engineering,
|x 1863-5520
|
| 505 |
0 |
|
|a Living with Sea Level Change and Dynamic Landscapes -- The Red Sea - Dead Sea Canal -- The Sea Highway Macro-project -- Sediment Transport by Wind and Water -- Macro-engineering Lake Eyre with Imported Seawater -- The Bering Strait Seawater Deflector.
|
| 520 |
|
|
|a The subjects refer to histories of ancient and modern use of seacoasts; possible macro-projects capable of massive changes in the coastlines of the Dead Sea, Red Sea and Persian Gulf caused by canal and massively scaled hydropower dam installations; relevant macro-projects for the Black Sea and Baltic Sea; possibilities of refreshment of the Aral Sea and Iran’s Lake Uremia with seawater or river freshwater importation macro-projects; potential rehabilitation of some vital arid zone regions now dominated by moving or movable surface granular materials using unique and unusual macro-projects; seawater flooding of land regions situated below present-day global sea-level; harnessing energy and obtaining freshwater from the world’s salt-laden ocean by modern industrial means; various macro-projects designed specifically for the protection (reduction of vulnerability) of particular Earth geographical regions.
|
| 650 |
|
0 |
|a Environment.
|
| 650 |
|
0 |
|a Sustainable development.
|
| 650 |
|
0 |
|a Marine sciences.
|
| 650 |
|
0 |
|a Freshwater.
|
| 650 |
1 |
4 |
|a Environment.
|
| 650 |
2 |
4 |
|a Marine & Freshwater Sciences.
|
| 650 |
2 |
4 |
|a Sustainable Development.
|
| 650 |
2 |
4 |
|a Environmental Monitoring/Analysis.
|
| 700 |
1 |
|
|a Badescu, Viorel.
|e editor.
|
| 700 |
1 |
|
|a Cathcart, Richard B.
|e editor.
|
| 710 |
2 |
|
|a SpringerLink (Online service)
|
| 773 |
0 |
|
|t Springer eBooks
|
| 776 |
0 |
8 |
|i Printed edition:
|z 9783642147784
|
| 830 |
|
0 |
|a Environmental Science and Engineering, Environmental Engineering,
|x 1863-5520
|
| 856 |
4 |
0 |
|u http://dx.doi.org/10.1007/978-3-642-14779-1
|z Full Text via HEAL-Link
|
| 912 |
|
|
|a ZDB-2-EES
|
| 950 |
|
|
|a Earth and Environmental Science (Springer-11646)
|